Professioni sociali (Record n. 219938)
[ formato base ]
| 000 -LEADER | |
|---|---|
| fixed length control field | 00994nas a2200265Ia 4500 |
| 001 - CONTROL NUMBER | |
| control field | dg110-48022 |
| 003 - CONTROL NUMBER IDENTIFIER | |
| control field | IT-MiCISF |
| 008 - FIXED-LENGTH DATA ELEMENTS--GENERAL INFORMATION | |
| fixed length control field | 161014c99999999xx |||||||||||| ||und|| |
| 040 ## - CATALOGING SOURCE | |
| Original cataloging agency | IT-MiCISF |
| Transcribing agency | IT-MiCISF |
| 041 ## - LANGUAGE CODE | |
| Language code of text/sound track or separate title | ITALIANO |
| 999 ## - SYSTEM CONTROL NUMBERS (KOHA) | |
| Koha Dewey Subclass [OBSOLETE] | Si |
| 100 ## - MAIN ENTRY--PERSONAL NAME | |
| Personal name | Biagi Lorenzo |
| 210 ## - ABBREVIATED TITLE | |
| Abbreviated title | Etica per le professioni |
| 222 ## - KEY TITLE | |
| Key title | Etica per le professioni |
| 245 #0 - TITLE STATEMENT | |
| Title | Professioni sociali |
| 250 ## - EDITION STATEMENT | |
| Edition statement | 1a ed. |
| 260 ## - PUBLICATION, DISTRIBUTION, ETC. (IMPRINT) | |
| Date of publication, distribution, etc. | 2009 |
| 300 ## - PHYSICAL DESCRIPTION | |
| Extent | pp. 3-76 |
| 362 ## - DATES OF PUBLICATION AND/OR SEQUENTIAL DESIGNATION | |
| Dates of publication and/or sequential designation | n. 3 [2009] |
| 501 ## - WITH NOTE | |
| -- | CISF - Centro Internazionale Studi Famiglia - Via Giotto, 36 20145 MILANO (non commercial uses only) |
| -- | Copyright 2016 |
| 500 ## - GENERAL NOTE | |
| General note | Lorenz W.A., Bertin G., Vecchiato T., Da Re A., Fabrizi L., Ranieri C., Testana S., Nazzaro O., Brunetti M., Rossi P., Palmonari A. Bruttocao P., Battaglia C., Forneris A., Scarpa P.N. Tema: servizi-sociali, operatori-sociali, etica, rapporti-operatori-ut |
| 650 ## - SUBJECT ADDED ENTRY--TOPICAL TERM | |
| Topical term or geographic name as entry element | servizi alla persona |
| Form subdivision | dossier |
| 700 ## - ADDED ENTRY--PERSONAL NAME | |
| Personal name | AA.VV. |
| 942 ## - ADDED ENTRY ELEMENTS (KOHA) | |
| Koha item type | RIVISTA |
| 957 ## - | |
| -- | 1 |
| 999 ## - SYSTEM CONTROL NUMBERS (KOHA) | |
| -- | 1 |
| Withdrawn status | Lost status | Damaged status | Not for loan | Home library | Current library | Date acquired | Total Checkouts | Full call number | Date last seen | Price effective from | Koha item type | Public note |
|---|---|---|---|---|---|---|---|---|---|---|---|---|
| Buone Condizioni | Not For Loan | CISF - Milano | CISF - Milano | 14/10/2016 | dg110-48022 | 14/10/2016 | 14/10/2016 | RIVISTA | Data import 15.10.2016 / by Epidotti, Vaglietti |